|
|
|
|
| LEADER |
00826nta a2200181 i 4500 |
| 001 |
dipl3010 |
| 005 |
20130314072112.0 |
| 008 |
110407s2007 hu om 0|| hun d |
| 040 |
|
|
|a SZTE Diploma Repozitórium
|b hun
|
| 041 |
|
|
|a hun
|
| 100 |
1 |
|
|a Berta György
|
| 245 |
1 |
0 |
|a Intézmény informatikai infrastruktúrájának megvalósítása Delphiben
|h [elektronikus dokumentum] /
|c György Berta
|
| 260 |
|
|
|c 2007-06-12
|
| 650 |
|
4 |
|a Informatika
|
| 700 |
1 |
|
|a Horváth Gyula
|e ths
|
| 856 |
4 |
0 |
|u http://diploma.bibl.u-szeged.hu/id/eprint/3010/1/2007_berta_gyorgy_07_8_szakdolgozat.pdf
|z Dokumentum-elérés
|
| 856 |
4 |
0 |
|u http://diploma.bibl.u-szeged.hu/id/eprint/3010/2/2007_berta_gyorgy_07_8_melleklet.tgz
|z Dokumentum-elérés
|
| 856 |
4 |
0 |
|u http://diploma.bibl.u-szeged.hu/id/eprint/3010/3/2007_berta_gyorgy_07_8_biralat.pdf
|z Dokumentum-elérés
|